<?xml version="1.0" encoding="UTF-8"?>
<collection xmlns="http://www.loc.gov/MARC21/slim">
 <record>
  <leader>01120nam0a2200241   4500</leader>
  <controlfield tag="001">in00000004555</controlfield>
  <controlfield tag="005">20230616164606.8</controlfield>
  <datafield tag="010" ind1=" " ind2=" ">
   <subfield code="a">978-7-5046-9688-5</subfield>
   <subfield code="b">精装</subfield>
   <subfield code="d">CNY79.00</subfield>
  </datafield>
  <datafield tag="035" ind1=" " ind2=" ">
   <subfield code="a">011648053</subfield>
  </datafield>
  <datafield tag="100" ind1=" " ind2=" ">
   <subfield code="a">20230110d2022    em y0chiy50      ea</subfield>
  </datafield>
  <datafield tag="101" ind1="0" ind2=" ">
   <subfield code="a">chi</subfield>
  </datafield>
  <datafield tag="102" ind1=" " ind2=" ">
   <subfield code="a">CN</subfield>
   <subfield code="b">110000</subfield>
  </datafield>
  <datafield tag="105" ind1=" " ind2=" ">
   <subfield code="a">y   z   000yy</subfield>
  </datafield>
  <datafield tag="106" ind1=" " ind2=" ">
   <subfield code="a">r</subfield>
  </datafield>
  <datafield tag="200" ind1="1" ind2=" ">
   <subfield code="a">营销和服务数字化转型</subfield>
   <subfield code="9">ying xiao he fu wu shu zi hua zhuan xing</subfield>
   <subfield code="e">CRm3.0时代的来临</subfield>
   <subfield code="e">升级版</subfield>
   <subfield code="f">杨峻编著</subfield>
  </datafield>
  <datafield tag="210" ind1=" " ind2=" ">
   <subfield code="a">北京</subfield>
   <subfield code="c">中国科学技术出版社</subfield>
   <subfield code="d">2022</subfield>
  </datafield>
  <datafield tag="215" ind1=" " ind2=" ">
   <subfield code="a">268页</subfield>
   <subfield code="d">24cm</subfield>
  </datafield>
  <datafield tag="300" ind1=" " ind2=" ">
   <subfield code="a">中科书院</subfield>
  </datafield>
  <datafield tag="330" ind1=" " ind2=" ">
   <subfield code="a">本书介绍了数字化时代的CRM3.0，即营销和服务理论体系的创新、数字化工具和产品的创新、价值评估体系的创新和支撑体系的创新，从理论体系、业务模式、价值产出、数字化工具等不同角度阐述数字化时代的营销，以及如何服务数字化创新和转型。</subfield>
  </datafield>
  <datafield tag="606" ind1="0" ind2=" ">
   <subfield code="a">企业管理</subfield>
   <subfield code="x">营销管理</subfield>
   <subfield code="x">数字化</subfield>
  </datafield>
  <datafield tag="690" ind1=" " ind2=" ">
   <subfield code="a">F274-39</subfield>
   <subfield code="v">5</subfield>
  </datafield>
  <datafield tag="701" ind1=" " ind2="0">
   <subfield code="a">杨峻</subfield>
   <subfield code="9">yang jun</subfield>
   <subfield code="4">编著</subfield>
  </datafield>
  <datafield tag="999" ind1="f" ind2="f">
   <subfield code="s">4ef8f128-55d8-42b8-bcc1-4f82f9bc933d</subfield>
   <subfield code="i">b3c048e4-185c-4eb5-83b5-b60124d271da</subfield>
  </datafield>
 </record>
</collection>
